Computer Arithmetic: Principles, Architecture and Design

Bibliographic Details
Main Author: Hwang, Kai
Format: Section = Libro
Language:Undetermined
Spanish
Published: United States John Wiley & Sons 1979
Subjects:
LEADER 00616nam a2200205Ia 4500
008 240830s9999 xx 000 0 und d
020 |a 0-471-03496-7 
040 |a CEDOC FIQ-RUSB / 511 H991 
041 |a spa 
082 |a 511 H991 
100 1 |a Hwang, Kai 
245 1 0 |a Computer Arithmetic: Principles, Architecture and Design 
260 |a United States  |b John Wiley & Sons  |c 1979 
300 |a 423 p.: il. 
650 7 |a ANÁLISIS NÚMERICO 
650 7 |b  SISTEMAS DE NÚMEROS ARITMÉTICOS DE COMPUTADORA 
650 7 |c  CIRCUITOS INTEGRADOS Y DISPOSITIVOS DIGITALES 
942 |c BK  |2 ddc 
991 |a TEXTO 
999 |c 13154